000 00812nam a22002777a 4500
003 UA-OsUOA
001 21739
007 ta
008 20031213b un ||||| |||| 00| 0 ukr d
100 _aКолотило Д.М.
700 _aСоколовський А.Т.
700 _aАфтанділянц В.В.
090 _a006.91
_bК60
942 _cBK
040 _aUA-OsUOA
_bukr
_cUA-OsUOA
_dUA-OsUOA
245 _aМіжнародні системи вимірювання в економіці
_bНавчальний посібник-довідник
_cРец. Л.О.Орлов А.Г.Ягодка
300 _a176 с.
955 _a0
041 _aukr
080 _a006.91
020 _a966-574-079-2
260 _aКиїв
_bКНЕУ
_c2000
044 _aUA
650 7 _2UDC
999 _c307946
_d307946